000
00289nam a22001337a 4500
008
180208b xxu||||| |||| 00| 0 eng d
020
_a
0126668507
041
_a
eng
080
_a
616.85
100
_a
7
101
_a
NEU
245
_a
Behavioral Techniques
_c
Stern, R
942
_2
udc
_c
BK
999
_c
42105
_d
42105